| 000 | 01085nam0a2200313 4500 | ||
|---|---|---|---|
| 001 | RU\NLR\bibl\8233 | ||
| 005 | 20260406050419.0 | ||
| 010 |
_a5-85247-093-7 _91000 |
||
| 021 |
_aRU _b98-9405 _9443 |
||
| 035 | _a(NLR Aleph) 000008040 | ||
| 090 |
_a25350 _c25350 |
||
| 100 | _a19981120d1998 |||y0rusy50 ca | ||
| 101 | 0 | _arus | |
| 102 | _aRU | ||
| 105 | _a||||||||||||| | ||
| 200 | 1 |
_aАртериальная гипертония (диагностика и лечение) _fА.С. Галявич |
|
| 210 |
_aКазань _cБ.и. _d1998 |
||
| 215 |
_a243 с. _cсхем. _d22 |
||
| 320 | _aБиблиогр.: с. 215-243 | ||
| 606 | 0 |
_aГипертония _9907818 _3RU\NLR\auth\6611292 |
|
| 686 | _aР410.030 | ||
| 700 | 1 |
_4070 _8rus _7ca _aГалявич _bА. С. _gАльберт Сарварович _3RU\NLR\auth\775897 _9115855 |
|
| 801 | 0 |
_aRU _bNLR _c19981120 _gPSBO |
|
| 801 | 1 |
_aRU _bNLR _c19981120 |
|
| 830 | _aАвт. раскрыт по кн. | ||
| 852 |
_aNLR _j98-5/971 |
||
| 942 | _cBOOK | ||
| 980 | _aNB | ||